• 首页
  • 本馆介绍
  • 公告通知
  • 最新文献
  • 馆藏检索
  • 电子资源
  • 读者导购
  • 参考咨询
  • 我的图书馆
  • 登录
  • 详细信息显示
  • 放入我的书架
  • 预约/预借图书
  • 作者相关作品
  • 分类相关作品
  • 丛书相关作品
  • 出版社相关作品

书目信息

  • 表格格式
  • 工作单格式
  • 卡片格式
题名:
雕刻技法与指导
    
 
作者: 李乡状 主编
分册:  
出版信息: 长春   吉林文史出版社  2006.01
页数: 192页
开本: 21cm
丛书名: 文艺经典荟萃
单 册:
中图分类: J312
科图分类:
主题词: 艺术--经典--丛书 , 雕塑--(技术)美术
电子资源:
ISBN: 7-80702-343-0
000 00736nam0 2200253 450
001 012006000000
005 20070920090532.29
010    @a7-80702-343-0@dCNY22.80
100    @a20070307d2006 em y0chiy0110 ea
101 0  @achi
102    @aCN@b220000
105    @ay z 000yy
200 1  @a雕刻技法与指导@ADiao Ke Ji Fa Yu Zhi Dao@f李乡状主编@FLi Xiang Zhuang Zhu Bian
210    @a长春@c吉林文史出版社@c吉林音像出版社@d2006.01
215    @a192页@d21cm
225 2  @a文艺经典荟萃
410  0 @12001 @a文艺经典荟萃
606 0  @a艺术@x经典@j丛书
606 0  @a雕塑@x(技术)美术
690    @aJ312@v4
701  0 @a李乡状@ALi Xiang Zhuang@4主编
801  0 @aCN@bBJSWSY@c20070920
905    @aBZT@dJ312@e1
906    @dCNY22.80@n0@r1
    
    雕刻技法与指导/李乡状主编.-长春:吉林文史出版社:吉林音像出版社,2006.01
    192页;21cm.-(文艺经典荟萃)
    
    
    ISBN 7-80702-343-0:CNY22.80
    
●
相关链接 在五车中查询图书 在当当中查询图书 在豆瓣中查询图书


正题名:雕刻技法与指导     索取号:J312/1         预约/预借

序号 登录号 条形码 馆藏地/架位号 状态 备注
1 583012   230159598   中心书库中库/ 中库018架B面7列5层15/ [索取号:J312/1] 在馆    
2 583013   230159605   中心书库中库/ 中库018架B面7列5层13/ [索取号:J312/1] 在馆    
3 583014   230159606   中心书库中库/ 中库018架B面7列5层21/ [索取号:J312/1] 在馆    
4 583015   230159607   中心书库中库/ 中库018架B面7列5层19/ [索取号:J312/1] 在馆    
5 583016   230159604   中心书库中库/ 中库018架B面7列5层14/ [索取号:J312/1] 在馆    
6 583017   230159603   中心书库中库/ 中库018架B面7列5层20/ [索取号:J312/1] 在馆    
7 583018   230159602   中心书库中库/ 中库018架B面7列5层18/ [索取号:J312/1] 在馆    
8 583019   230159601   中心书库中库/ 中库018架B面7列5层17/ [索取号:J312/1] 在馆    
9 583020   230159600   中心书库中库/ 中库018架B面7列5层16/ [索取号:J312/1] 在馆    
山东省滨州职业学院图书馆 欢迎您!
大连网信软件有限公司© 版权所有